No tempo das Borboletas / (Record no. 23)

MARC details
000 -LÍDER
campo de controle de tamanho fixo 02582nam a2200313 4500
001 - NÚMERO DE CONTROLE
campo de controle 23
003 - IDENTIFICADOR DO NÚMERO DE CONTROLE
campo de controle OSt
005 - DATA E HORÁRIO DA ÚLTIMA TRANSAÇÃO
campo de controle 20250528074009.0
008 - CAMPO DE DADOS FIXOS--INFORMAÇÃO GERAL
campo de controle de tamanho fixo 250121b |||||||e |||| 00| 1 eng d
020 ## - ISBN - INTERNATIONAL STANDARD BOOK NUMBER
ISBN - International Standard Book Number 8532511821
040 ## - FONTE DA CATALOGAÇÃO
Idioma da catalogação por
041 ## - CÓDIGO DE IDIOMA
Código do idioma do original e/ou traduções intermediárias do texto eng
Código do idioma do texto/trilha sonora ou título diferente por
082 ## - CDD - CLASSIFICAÇÃO DECIMAL DE DEWEY
Número de Classificação 813
Número do exemplar A473n
100 1# - ENTRADA PRINCIPAL--NOME PESSOAL
Nome pessoal Alvarez, Julia
Datas associadas ao nome 1950-
9 (RLIN) 52
240 ## - TÍTULO UNIFORME
Título uniforme In the time of the butterflies
245 ## - TÍTULO
Título No tempo das Borboletas /
Indicação de responsabilidade, etc. Alvarez, Julia ; Tradução de Léa Viveiros de Castro
260 ## - PUBLICAÇÃO, DISTRIBUIÇÃO, ETC.
Local de publicação, distribuição, etc. Rio de Janeiro
Nome do editor, distribuidor, etc. Rocco
Data da publicação, distribuição, etc. 2001
300 ## - DESCRIÇÃO FÍSICA
Extensão 315 p.
520 ## - NOTA DE RESUMO, ETC.
Resumo, etc. Ambientado durante os últimos dias da ditadura de Trujillo na República Dominicana em 1960, este romance extraordinário conta a história das irmãs Mirabal, três jovens esposas e mães que são assassinadas após visitarem seus maridos presos.<br/><br/>Do autor de How the Garcia Girls Lost Their Accents, vem este conto de coragem e irmandade ambientado na República Dominicana durante a ascensão da ditadura de Trujillo. Uma mistura habilidosa de fato e ficção, In the Time of the Butterflies é inspirado na história real das três irmãs Mirabal que, em 1960, foram assassinadas por sua participação em uma conspiração clandestina para derrubar o governo. Alvarez dá vida a essas figuras históricas — conhecidas como "las mariposas" ou "as borboletas" no subsolo — enquanto imagina seus anos de adolescência, seu envolvimento gradual com a revolução e seu terror quando sua dissidência é descoberta.<br/><br/>A escrita controlada de Alvarez captura perfeitamente a tensão crescente enquanto "as borboletas" se aproximam de seu fim horrível. O romance começa com as lembranças de Dede, a quarta e sobrevivente irmã, que teme abandonar suas rotinas e seu marido para se juntar ao movimento. Alvarez também oferece as perspectivas das outras irmãs: a corajosa e franca Minerva, a líder política da família; a piedosa Patria, que abandona sua fé para se juntar às irmãs após testemunhar as atrocidades da tirania; e a irmãzinha, a sensível Maria Teresa, que, em uma série de diários, narra sua lealdade a Minerva e a angústia física e espiritual da vida na prisão.<br/><br/>In the Time of the Butterflies é um livro notável da American Library Association e indicado ao National Book Critics Circle Award de 1995.
650 #0 - ASSUNTO--TERMO TÓPICO
Cabeçalho tópico ou nome geográfico Literatura Americana
9 (RLIN) 84
650 #0 - ASSUNTO--TERMO TÓPICO
Cabeçalho tópico ou nome geográfico Grandes Amizades
9 (RLIN) 28
650 #0 - ASSUNTO--TERMO TÓPICO
Cabeçalho tópico ou nome geográfico Ditadura
9 (RLIN) 34
650 #0 - ASSUNTO--TERMO TÓPICO
Cabeçalho tópico ou nome geográfico Emponderamento
9 (RLIN) 32
650 #0 - ASSUNTO--TERMO TÓPICO
Cabeçalho tópico ou nome geográfico Histórico
9 (RLIN) 53
655 #0 - TERMO DE ÍNDICE--GÊNERO E FORMA
Gênero/forma/ou termo foco Romance
655 #0 - TERMO DE ÍNDICE--GÊNERO E FORMA
Gênero/forma/ou termo foco Ficção
700 ## - ENTRADA ADICIONADA - NOME PESSOAL
Nome pessoal Léa Viveiros de Castro
Função do autor por extenso Tradutor
9 (RLIN) 54
942 ## - ELEMENTOS DE ENTRADA ADICIONADOS (KOHA)
Fonte de classificação ou esquema de arquivamento Classificação decimal de Dewey
Ocultar no OPAC Não
Tipo de material Koha Livros
Holdings
Situação do descarte Situação das perdas Fonte de classificação ou esquema de arquivamento Status danificado Não pode ser emprestado Coleção Biblioteca de origem Biblioteca atual Localização na estante Data de aquisição Fonte de aquisição Total de empréstimos Número de chamada completo Código de barras Data de último acesso Data do preço efetivo Tipo de material Koha
    Classificação decimal de Dewey     Ficção Biblioteca Professor Eduardo Afonso de Castro Biblioteca Professor Eduardo Afonso de Castro Literatura Estrangeira 18.12.2013 doação   813 / A473n 2025-14835 20.01.2025 20.01.2025 Livros

Powered by Koha